| Tag |
First Indicator |
Second Indicator |
Subfields |
| LEADER |
00000cam a22000008a 4500 |
| 001 |
in00001614213 |
| 005 |
20151023054203.0 |
| 008 |
000928s2001 nyu b 001 0 eng |
| 010 |
|
|
|a 00049629
|
| 016 |
7 |
|
|a 100965922
|2 DNLM
|
| 020 |
|
|
|a 0071347186
|
| 029 |
0 |
|
|a NLM
|b 100965922
|
| 035 |
|
|
|a (OCoLC)ocm45129557
|
| 040 |
|
|
|a NLM
|c NLM
|d AZA
|d OCL
|d TXA
|d UtOrBLW
|
| 042 |
|
|
|a pcc
|
| 049 |
|
|
|a TXAM
|
| 060 |
1 |
0 |
|a WM 270
|b S479 2001
|
| 090 |
|
|
|a RC564
|b .S47 2001
|
| 100 |
1 |
|
|a Seppala, Marvin D.
|
| 245 |
1 |
0 |
|a Clinician's guide to the twelve step principles /
|c author, Marvin D. Seppala.
|
| 246 |
3 |
|
|a Clinician's guide to the 12 step principles
|
| 246 |
3 |
0 |
|a Twelve step principles
|
| 263 |
|
|
|a 0103
|
| 264 |
|
1 |
|a New York :
|b McGraw-Hill, Health Professions Division,
|c [2001]
|
| 264 |
|
4 |
|c ©2001
|
| 300 |
|
|
|a 208 pages ;
|c 23 cm.
|
| 336 |
|
|
|a text
|b txt
|2 rdacontent
|
| 337 |
|
|
|a unmediated
|b n
|2 rdamedia
|
| 338 |
|
|
|a volume
|b nc
|2 rdacarrier
|
| 490 |
1 |
|
|a Hazelden chronic illness series
|
| 504 |
|
|
|a Includes bibliographical references and index.
|
| 650 |
|
0 |
|a Twelve-step programs.
|
| 650 |
|
0 |
|a Substance abuse
|x Treatment.
|
| 650 |
|
0 |
|a Alcoholism
|x Treatment.
|
| 650 |
1 |
2 |
|a Substance-Related Disorders
|x rehabilitation.
|
| 650 |
2 |
2 |
|a Behavior, Addictive
|x therapy.
|
| 650 |
2 |
2 |
|a Psychotherapy.
|
| 830 |
|
0 |
|a Hazelden chronic illness series.
|
| 994 |
|
|
|a E0
|b TXA
|
| 948 |
|
|
|a cataloged
|b h
|c 2001/6/5
|d c
|e ceaton
|f 1:23:41 pm
|
| 999 |
|
|
|a MARS
|
| 999 |
f |
f |
|s e8b1783f-8579-3866-8c74-8466b712e5c7
|i f25f19c8-5c3e-3f23-b1ca-ee929fbc6b5f
|t 0
|
| 952 |
f |
f |
|p ric
|a Texas A&M University
|b Rellis Campus
|c Joint Library Facility
|d Remote Storage
|t 0
|e RC564 .S47 2001
|h Library of Congress classification
|i unmediated -- volume
|m A14827680365
|
| 998 |
f |
f |
|a RC564 .S47 2001
|t 0
|l Remote Storage
|